000 00392pab a2200169 454500
008 180718b2009 xxu||||| |||| 00| 0 eng d
100 _aMuttuchamy, I.
245 _aU-learning: the next generation of learning
260 _c2009
300 _ap.23-26.
362 _a12 Oct
650 _aLearning
700 _aThiyagu, K.
773 _aUniversity News
908 _aN
909 _a84024
999 _c84024
_d84024